000 00578nam a2200217Ia 4500
005 20241216010255.0
008 180423s9999||||xx |||||||||||||| ||und||
082 _a341
_bR93
100 _aRUGMAN, ALAN M. Y OTRO
245 0 _aNEGOCIOS INTERNACIONALES
_bUN ENFOQUE DE ADMINISTRACION ESTRATEGICA
250 _a0
260 _c1997
300 _a0 pag.
_c0 cm
341 _h0
490 _v0
_a0
505 _aCOMERCIO/FINANZAS/ESTRATEGIA DE MARKETING/NEGOCIOS EN EUROPA
541 _d02-Jun-04
650 _aCIENCIAS SOCIALES
856 _zHumanidades
942 _cLIBRO
999 _c10108
_d10108